Protostars and planets IV (Record no. 14298)
[ view plain ]
| 000 -LEADER | |
|---|---|
| fixed length control field | 00789nam a2200253Ia 4500 |
| 003 - CONTROL NUMBER IDENTIFIER | |
| control field | IN-BaIIA |
| 008 - FIXED-LENGTH DATA ELEMENTS--GENERAL INFORMATION | |
| fixed length control field | 211028s9999 xx 000 0 eng d |
| 020 ## - INTERNATIONAL STANDARD BOOK NUMBER | |
| International Standard Book Number | 0-8165-2059-3 |
| 040 ## - CATALOGING SOURCE | |
| Transcribing agency | IIA Library |
| 080 ## - UNIVERSAL DECIMAL CLASSIFICATION NUMBER | |
| Universal Decimal Classification number | 524.3-5 |
| Item number | PRO-IV |
| 245 #0 - TITLE STATEMENT | |
| Title | Protostars and planets IV |
| Statement of responsibility, etc. | edited by V. Mannings, A. P. Boss and S. S. Russell |
| 260 ## - PUBLICATION, DISTRIBUTION, ETC. | |
| Place of publication, distribution, etc. | Tucson |
| Name of publisher, distributor, etc. | University of Arizona Press |
| Date of publication, distribution, etc. | 2000 |
| 300 ## - PHYSICAL DESCRIPTION | |
| Extent | xvi, 1422p. |
| 490 ## - SERIES STATEMENT | |
| Series statement | The university of arizona space science series |
| 650 ## - SUBJECT ADDED ENTRY--TOPICAL TERM | |
| Topical term or geographic name entry element | disks (astrophysics) |
| 9 (RLIN) | 25295 |
| 650 ## - SUBJECT ADDED ENTRY--TOPICAL TERM | |
| Topical term or geographic name entry element | molecular clouds |
| 9 (RLIN) | 11776 |
| 650 ## - SUBJECT ADDED ENTRY--TOPICAL TERM | |
| Topical term or geographic name entry element | planetology |
| 9 (RLIN) | 9952 |
| 650 ## - SUBJECT ADDED ENTRY--TOPICAL TERM | |
| Topical term or geographic name entry element | protostars |
| 9 (RLIN) | 10852 |
| 650 ## - SUBJECT ADDED ENTRY--TOPICAL TERM | |
| Topical term or geographic name entry element | star-formation |
| 700 ## - ADDED ENTRY--PERSONAL NAME | |
| Personal name | Boss, A. P., ed. |
| 9 (RLIN) | 25296 |
| 700 ## - ADDED ENTRY--PERSONAL NAME | |
| Personal name | Mannings, V., ed. |
| 9 (RLIN) | 25297 |
| 700 ## - ADDED ENTRY--PERSONAL NAME | |
| Personal name | Russell, S. S., ed. |
| 9 (RLIN) | 25298 |
| 942 ## - ADDED ENTRY ELEMENTS (KOHA) | |
| Koha item type | Books |
| 952 ## - LOCATION AND ITEM INFORMATION (KOHA) | |
| -- | 116.20 |
| Withdrawn status | Lost status | Damaged status | Not for loan | Home library | Current library | Shelving location | Date acquired | Total Checkouts | Full call number | Barcode | Date last seen | Price effective from | Koha item type |
|---|---|---|---|---|---|---|---|---|---|---|---|---|---|
| IIA Library-Bangalore | IIA Library-Bangalore | General Stacks | 15/10/2001 | 524.3-5/ PRO-IV | 15218 | 05/11/2021 | 15/10/2001 | Books |